[Event "Sueca op 3rd"]
[Site "Sueca"]
[Date "2017.07.29"]
[Round "7"]
[White "Sanchez Jerez, Emilio Miguel"]
[Black "Ramon Gualberto, Arturo"]
[Result "1-0"]
[WhiteElo "2216"]
[BlackElo "1937"]
[PlyCount "69"]
[EventDate "2017.07.24"]
[EventType "swiss"]
[EventRounds "8"]
[EventCountry "ESP"]
[SourceTitle "CBM 179 Extra"]
[Source "ChessBase"]
[SourceDate "2017.08.23"]
[SourceVersion "1"]
[SourceVersionDate "2017.08.23"]
[SourceQuality "1"]

1. e4 c5 2. c3 d5 3. exd5 Nf6 4. Bb5+ Nbd7 5. d4 Qb6 6. c4 a6 7. Ba4 Qb4+ 8. Nc3 Qxc4 9. dxc5 Qxc5 10. Be3 Qd6 11. Nge2 g6 12. Bf4 Qb6 13. Be3 Qd8 14. Nd4 Bg7 15. Ne6 fxe6 16. dxe6 0-0 17. exd7 Bxd7 18. 0-0 Be6 19. Bb3 Bf7 20. Bxf7+ Rxf7 21. Qb3 e5 22. Rfd1 Qf8 23. Rd2 Rd8 24. Rxd8 Qxd8 25. Rd1 Qe7 26. Bg5 Qc7 27. Qe6 Kf8 28. Be3 Re7 29. Qb3 Rd7 30. Rc1 Qd8 31. Bc5+ Ke8 32. Qe6+ Re7 33. Bxe7 Qxe7 34. Qxe7+ Kxe7 35. Rd1 1-0

[Event "Sueca op 3rd"]
[Site "Sueca"]
[Date "2017.07.25"]
[Round "2"]
[White "Bas Mas, Miguel"]
[Black "Ramon Gualberto, Arturo"]
[Result "1-0"]
[WhiteElo "2244"]
[BlackElo "1937"]
[PlyCount "63"]
[EventDate "2017.07.24"]
[EventType "swiss"]
[EventRounds "8"]
[EventCountry "ESP"]
[SourceTitle "CBM 179 Extra"]
[Source "ChessBase"]
[SourceDate "2017.08.23"]
[SourceVersion "1"]
[SourceVersionDate "2017.08.23"]
[SourceQuality "1"]

1. e4 c5 2. Nc3 Nc6 3. Bb5 g6 4. Bxc6 bxc6 5. f4 d5 6. e5 Nh6 7. Nf3 Bg4 8. 0-0 e6 9. d3 Nf5 10. h3 Bxf3 11. Qxf3 h5 12. b3 Be7 13. Ba3 Nd4 14. Qf2 Bh4 15. g3 Bxg3 16. Qxg3 Nxc2 17. Bxc5 Nxa1 18. Rxa1 Qa5 19. b4 h4 20. bxa5 hxg3 21. Kg2 Rb8 22. Bxa7 Rb2+ 23. Kxg3 Rd2 24. Rd1 Rc2 25. Rb1 0-0 26. Rb3 d4 27. Ne4 Rxa2 28. Bb6 Rb8 29. Nc5 Rc2 30. a6 Rxb6 31. Rxb6 Rxc5 32. a7 1-0

[Event "Mislata op-B 45th"]
[Site "Mislata"]
[Date "2011.08.19"]
[Round "7"]
[White "Ramon Gualberto, Arturo"]
[Black "Zaragoza Montesinos, Ignasi"]
[Result "1/2-1/2"]
[WhiteElo "1907"]
[BlackElo "2033"]
[PlyCount "112"]
[EventDate "2011.08.15"]
[EventType "swiss"]
[EventRounds "9"]
[EventCountry "ESP"]
[SourceTitle "EXT 2014"]
[Source "ChessBase"]
[SourceDate "2013.11.20"]
[SourceVersion "1"]
[SourceVersionDate "2013.11.20"]
[SourceQuality "1"]

1. e4 Nf6 2. e5 Nd5 3. d4 d6 4. c4 Nb6 5. exd6 exd6 6. Nc3 Be7 7. Be3 Bf5 8. Nf3 Bf6 9. Bd3 Bxd3 10. Qxd3 0-0 11. 0-0 Nc6 12. Ne4 d5 13. Nxf6+ Qxf6 14. c5 Nc4 15. Bc1 b6 16. b3 N4a5 17. Bd2 Rfe8 18. Bxa5 Nxa5 19. cxb6 cxb6 20. Ne5 Rac8 21. Rac1 Nc6 22. Nxc6 Rxc6 23. Qb5 Rec8 24. Rce1 g6 25. Qxd5 Rd8 26. Qe5 Rxd4 27. Qe8+ Kg7 28. Re7 Rc2 29. Rxa7 Rxf2 30. Qe1 Rxf1+ 31. Qxf1 Rf4 32. Qd1 b5 33. Rd7 Qb6+ 34. Kh1 Qf2 35. Qa1+ Kh6 36. Rd1 b4 37. h3 Re4 38. Rf1 Qg3 39. Qc1+ Kg7 40. Qb2+ Kh6 41. Qd2+ g5 42. Qb2 Rf4 43. Rxf4 Qxf4 44. a4 Kh5 45. Qa1 Qd2 46. a5 Qc3 47. Qd1+ Kg6 48. a6 Qf6 49. Qd3+ Kg7 50. Qb5 h5 51. Qa4 Qf1+ 52. Kh2 Qf4+ 53. Kg1 Qe3+ 54. Kf1 Qc1+ 55. Ke2 Qc2+ 56. Ke3 Qc5+ 1/2-1/2

[Event "Cullera Bahia op 15th"]
[Site "Cullera"]
[Date "2009.07.24"]
[Round "4"]
[White "Ramon Gualberto, Arturo"]
[Black "Alvarez Gonzalez, Juan Jose"]
[Result "1-0"]
[WhiteElo "1851"]
[BlackElo "1708"]
[PlyCount "46"]
[EventDate "2009.07.21"]
[EventType "swiss"]
[EventRounds "9"]
[EventCountry "ESP"]
[SourceTitle "EXT 2010"]
[Source "ChessBase"]
[SourceDate "2010.11.25"]
[SourceVersion "1"]
[SourceVersionDate "2010.11.25"]
[SourceQuality "1"]

1. e4 c6 2. d4 d5 3. f3 e6 4. Ne2 dxe4 5. fxe4 c5 6. c3 cxd4 7. cxd4 Bb4+ 8. Bd2 Qb6 9. Qa4+ Nc6 10. d5 Bxd2+ 11. Nxd2 Qb4 12. Qc2 Nce7 13. a3 Qb6 14. Nc4 Qd8 15. 0-0-0 exd5 16. Nc3 d4 17. Nb5 Nc6 18. Ncd6+ Ke7 19. Qc5 Kf6 20. Bc4 Be6 21. Rhf1+ Kg6 22. Bxe6 fxe6 23. Nf7 Qe7 1-0

[Event "Cullera Bahia op 15th"]
[Site "Cullera"]
[Date "2009.07.21"]
[Round "1"]
[White "Moreno Carrascosa, Bartolome"]
[Black "Ramon Gualberto, Arturo"]
[Result "1-0"]
[WhiteElo "2178"]
[BlackElo "1851"]
[PlyCount "109"]
[EventDate "2009.07.21"]
[EventType "swiss"]
[EventRounds "9"]
[EventCountry "ESP"]
[SourceTitle "EXT 2010"]
[Source "ChessBase"]
[SourceDate "2010.11.25"]
[SourceVersion "1"]
[SourceVersionDate "2010.11.25"]
[SourceQuality "1"]

1. c4 Nf6 2. g3 d5 3. Bg2 c6 4. Qc2 g6 5. Nf3 Bg7 6. 0-0 0-0 7. Na3 Nbd7 8. d4 Ne4 9. Bf4 a6 10. cxd5 cxd5 11. Bc7 Qe8 12. Rac1 Ndf6 13. Qb3 b5 14. Ba5 Bg4 15. Rc7 Bxf3 16. Bxf3 b4 17. Qxb4 Rb8 18. Rb7 Qc8 19. Rxb8 Qxb8 20. Rc1 Bh6 21. e3 e6 22. Rc6 Qxb4 23. Bxb4 Rb8 24. Nc2 a5 25. Ba3 Bf8 26. Bxf8 Kxf8 27. b3 a4 28. b4 Ke8 29. Rc7 g5 30. g4 h6 31. Be2 Nd7 32. f3 Nd6 33. Bd3 Kd8 34. Rc5 Rb6 35. Rc3 Nb5 36. Bxb5 Rxb5 37. Ra3 Nb6 38. Kf2 Kd7 39. Ke2 Kd6 40. Rc3 Nc4 41. a3 f6 42. Ne1 e5 43. dxe5+ fxe5 44. e4 Nb6 45. Nd3 Nc4 46. Nc5 Nb6 47. Kd3 d4 48. Rc1 Ke7 49. Na6 Nd7 50. Nc7 Rb7 51. Rc6 Kd8 52. Nd5 Ke8 53. Rxh6 Nf8 54. Ra6 Rh7 55. Ra8+ 1-0

[Event "San Sebastian op 31st"]
[Site "San Sebastian"]
[Date "2008.03.16"]
[Round "1"]
[White "Simutowe, Amon"]
[Black "Ramon Gualberto, Arturo"]
[Result "1-0"]
[WhiteElo "2457"]
[BlackElo "1871"]
[PlyCount "37"]
[EventDate "2008.03.16"]
[EventType "swiss"]
[EventRounds "9"]
[EventCountry "ESP"]
[SourceTitle "CBM 123 Extra"]
[Source "ChessBase"]
[SourceDate "2008.05.06"]
[SourceVersion "1"]
[SourceVersionDate "2008.05.06"]
[SourceQuality "1"]

1. c4 Nf6 2. Nc3 e6 3. Nf3 d5 4. d4 c6 5. e3 Nbd7 6. Qc2 Bd6 7. Be2 0-0 8. 0-0 a6 9. e4 dxe4 10. Nxe4 Nxe4 11. Qxe4 Nf6 12. Qh4 c5 13. Rd1 Qc7 14. Bd3 Be7 15. Bf4 Qd8 16. dxc5 Qe8 17. Bg5 h6 18. Bxh6 g6 19. Bg5 1-0